Animé - Statistiques

Statistiques générales
  • Ce quiz a été pris 140 fois
  • Le résultat moyen est 8 sur 28
Statistiques - réponses
Hint Réponse % Correct
je veux devenir le plus grand héro My hero academia
85%
je veux sauver ma soeur Demon slayer
77%
je veux devenir le roi de pirate One piece
71%
je veux que tout le monde reconnaisse ma valeur Naruto
64%
je veux retrouver mon père Hunter X Hunter
56%
je suis tout feux tout flame Fairy tail
50%
je devient un dieux de la mort Bleach
46%
je veux devenir le chien de Makima Chainsaw man
44%
je loue une petite amie Rent a girlfriend
42%
je veux rebâtir la civilisation Dr. stone
38%
je veux devenir un héro Fire force
36%
je veux des chou a la crème Mashle
31%
je li dans les pensé Spy X Familly
28%
je suis l'épéiste noir Sword art online
26%
je veux tuer mon prof Assasination classroom
21%
j'aime le cosplay My dress up darling
21%
je me transforme en fille Ranma 1/2
20%
je veux agacé senpei Arrête de me chauffer, Nagatoro
16%
je dois donner cour a 5 fille Quintessential quintuplet
10%
je suis une tueuse a gage Akame ga kill
6%
je veux venger ma mère Oshi no ko
6%
je veux bâtir une civilisation Moi quand je me réincarne en slime
4%
je veux juste obéir a mon père Neon genesis evangelion
4%
je me bat contre le syndrome de puberté Rascal does not dream...
4%
je veux vivre une vie normal Classroom of the elite
3%
je le forcerais a m'avouer c'est sentiment kaguya sama love is wars
3%
veux me faire plein d'amis Eden zero
1%
je veux me venger d'Aki Masamune kun want revenge
1%
Aucun quiz correspondant
Distribution des résultats
% des personnes avec chaque résultat
Percentile par nombre de réponses
Votre historique - résultats
Vous n’avez pas pris ce quiz